000 00227 a2200097 4500
001 52711
100 _aKnoll G F
245 _aRadiation Detection and Measurements
260 _aNew York
_bJohn Wiley
_c
090 _c33155
_d33155
942 _aNUST-CAE
_cM
_c25731
999 _c287784
_d287784